Wonky Word Clicking - M - Statistics

General Stats
  • This quiz has been taken 342 times
  • The average score is 10 of 15
Answer Stats
Hint Answer % Correct
Mumbo -jumbo
95%
Mish mash
90%
Muu muu
90%
Munch kin
86%
Mal arkey
83%
Mad cap
73%
Molly coddle
71%
Mon keyshines
69%
Mull igatawney
58%
Mug wump
54%
Mil quetoast
52%
Major domo
42%
Miz maze
41%
Mes huggener
33%
Mullig rubs
18%
No matching quizzes found
Score Distribution
Percent of People with Each Score
Percentile by Number Answered
Your Score History
You have not taken this quiz